010_ Personnalités nées un 10 janvier par images - Statistiques

Statistiques générales
  • Ce quiz a été pris 48 fois
  • Le résultat moyen est 2 sur 9
Statistiques - réponses
Par images Hint Réponse % Correct
Chanteur Claudio Capéo
83%
Rappeur Maes
60%
Footballeur Youssouf Fofana
44%
Boxeur George Foreman
19%
Écrivain Alexis Nikolaëvitch Tolstoï
4%
Chanteuse Sapho
4%
Basketteuse Sarah Michel
4%
Acteur Georges Marchal
2%
Dirigeant Politique Leonid Kravtchouk
2%
Aucun quiz correspondant
Distribution des résultats
% des personnes avec chaque résultat
Percentile par nombre de réponses
Votre historique - résultats
Vous n’avez pas pris ce quiz